Normal view
MARC view
- Sakka, Georgia.editor
Entry Personal Name
001 - CONTROL NUMBER
- control field: 37692
003 - CONTROL NUMBER IDENTIFIER
- control field: OSt
005 - DATE AND TIME OF LATEST TRANSACTION
- control field: 20190325152534.0
008 - FIXED-LENGTH DATA ELEMENTS
- fixed length control field: 190325|| aca||aabn | a|a d
040 ## - CATALOGING SOURCE
- Original cataloging agency: OSt
- Transcribing agency: OSt
100 ## - HEADING--PERSONAL NAME
- Personal name: Sakka, Georgia.editor
670 ## - SOURCE DATA FOUND
- Source citation: Work cat.: (OSt): Vrontis, Demetris. 37690, Management innovation and entrepreneurship :, ©2015.
